| 000 | 00565nam a2200145 a 4500 | ||
|---|---|---|---|
| 008 | 121122s1976 ||||||||||||||||| || u | ||
| 020 | _a013473470x | ||
| 050 | _aJX 1391 Sul | ||
| 100 | _aSullivan, Michael P | ||
| 245 | 1 | 0 |
_aInternational relations: theories and evidence _cby Michael P. Sullivan |
| 260 |
_aNew Jersey: _bPrentice - Hall _c1976 |
||
| 300 | _axi, 385p.: ill. | ||
| 650 | _aINTERNATIONAL RELATIONS | ||
| 995 |
_aSPECIAL COLLECTIONS _e500387 _FCBU-DAG HAMMARSKJOLD INSTITUTE LIBRARY _jDAG JX 1391 Sul _M1 _UAVAILABLE _WDec 31, 2012 _y500387 _ZDHIPS Book Collection |
||
| 999 |
_c323 _d323 |
||